Logo BPK

Biblioteka

Politechniki Koszalińskiej

Podstawy statystyki w przykładach i zadaniach : (Rekord nr 51244)

Szczegóły MARC
000 -ETYKIETA REKORDU
podpole kontrolne o stałej długości 00832nam a2200241 i 4500
001 - NUMER KONTROLNY REKORDU
pole kontrolne bg
015 ## - NUMER BIBLIOGRAFII NARODOWEJ
Numer bibliografii narodowej PB 19861/2004
020 ## - MIĘDZYNARODOWY ZNORMALIZOWANY NUMER KSIĄŻKI - ISBN
ISBN 8388587862
040 ## - ŹRÓDŁO KATALOGOWANIA
Instytucja, która utworzyła rekord BPK
041 0# - KOD JĘZYKA
Kod języka tekstu pol
080 ## - UNIWERSALNA KLASYFIKACJA DZIESIĘTNA - UKD
UKD 311:519.2](075.8)(076)
920 ## - Międzynarodowy znormalizowany numer książki – ISBN
ISBN 83-88587-86-2
008 - POLE O STAŁEJ DŁUGOŚCI - DANE KONTROLNE
podpole kontrolne o stałej długości s pl f |000 0 pol
100 1# - NAZWA OSOBOWA
Nazwa osobowa BALCEROWICZ-SZKUTNIK, Maria
245 10 - TYTUŁ/ODPOWIEDZIALNOŚĆ
Tytuł Podstawy statystyki w przykładach i zadaniach :
Ciąg dalszy tytułu statystyka opisowa i elementy wnioskowania statystycznego /
Pozostałe elementy strefy tytułu i oznaczenia odpowiedzialności Maria Balcerowicz-Szkutnik ; Wyższa Szkoła Ekonomii i Administracji w Bytomiu.
260 ## - STREFA ADRESU WYDAWNICZEGO
Miejsce wydania Bytom :
Nazwa wydawcy/dystrybutora WSEiA,
Data publikacji, dystrybucji/powstania dokumentu 2004.
300 ## - STREFA OPISU FIZYCZNEGO
Objętość 126 s. :
Inne cechy fizyczne tab., wykr. ;
Rozmiary 24 cm.
504 ## - UWAGA DOTYCZĄCA BIBLIOGRAFII
Informacje o bibliografii Bibliogr. s. 126.
650 #9 - HASŁO PRZEDMIOTOWE W FORMIE NAZWY OGÓLNEJ LUB JEDNOSTKOWEJ
Nazwa ogólna lub geograficzna Statystyka
655 ## - TERMIN INDEKSOWY - OKREŚLENIE RODZAJU/FORMY DOKUMENTU
Określenie rodzaju/formy dokumentu Ćwiczenia i zadania dla szkół wyższych
710 #0 - HASŁO DODATKOWE - NAZWA CIAŁA ZBIOROWEGO
Nazwa ciała zbiorowego lub jednostki geograficznej Wyższa Szkoła Ekonomii i Administracji (Bytom)
856 ## - LOKALIZACJA I DOSTĘP DO ELEKTRONICZNYCH DOKUMENTÓW ZDALNYCH
Link (URL) http://koha.tu.koszalin.pl/cgi-bin/koha/opac-detail.pl?biblionumber=51244
Tekst linku Katalog online BPK
942 ## - DODATKOWE ELEMENTY (KOHA)
Typ dokumentu Książka
Egzemplarze
Wycofany Status egzemplarza Uszkodzony Dostępność Lokalizacja stała Lokalizacja bieżąca Miejsce przechowywania Sygnatura Kod kreskowy Dział Typ dokumentu
      Tylko na miejscu Biblioteka Politechniki Koszalińskiej Biblioteka Politechniki Koszalińskiej Czytelnia Wydziałowa ul. Kwiatkowskiego 6e 77856 02309248 311 Statystyka Książka
© 2023 Biblioteka Politechniki Koszalińskiej :: KOHA